000 00575nam a2200229Ia 4500
003 OSt
005 20221006164856.0
006 a|||||r|||| 00| 0
007 ta
008 221006b |||||||| |||| 00| 0 eng d
024 _a330
037 _cTextual
040 _aFML
_cFML
_beng
041 _2eng
_aeng
082 _aNMv, K3
100 _aCleaver James Au.
_9678553
245 0 _aHistory Of Graphic Art
260 _aLondon
_bPeter Owen
_c1963
300 _a282
_ccm.
942 _hNMv, K3
_cTEXL
_2CC
999 _c1118783
_d1118783